000 00569nam a2200217Ia 4500
003 OSt
005 20221007073145.0
006 a|||||r|||| 00| 0
007 ta
008 221006b |||||||| |||| 00| 0 eng d
024 _a25,793
037 _cTextual
040 _aFLL
_cFLL
_beng
041 _2eng
_aeng
082 _aZ2y7x, J2
245 0 _aAnalytical study of leading cases in Mohammedan law
260 _aLucknow
_bEastern Book Co. India
_c1952
300 _a240-323p
_ccm.
942 _hZ2y7x, J2
_cTEXL
_2CC
999 _c1147835
_d1147835